Statistics for Atlanta Hawks 40 Point Games

Click here to take the quiz!

General Stats

  • This quiz has been taken 47 times
    (37 since last reset)
  • The average score is 8 of 23

Answer Stats

PlayerMaxNb% Correct
Dominique Wilkins5754
97%
Bob Pettit5747
81%
Steve Smith411
78%
Trae Young5013
75%
Joe Johnson426
69%
Eddie Johnson401
69%
Lou Hudson5723
47%
Shareef Abdur-Rahim502
41%
Pete Maravich5011
38%
Jason Terry462
31%
Cliff Hagan5510
28%
Stephen Jackson421
25%
John Drew5015
25%
Dennis Schröder411
25%
Walt Bellamy412
16%
Zelmo Beaty423
13%
Walt Hazzard401
9%
Richie Guerin412
9%
Joe Caldwell452
6%
Dike Eddleman481
0%
Frankie Brian411
0%
Frank Selvy422
0%
Larry Foust401
0%

Score Distribution

Percentile by Number Answered

Percent of People with Each Score

Your Score History

You have not taken this quiz since the last reset